Statistics for Breaking Bad Trivia #L

Click here to take the quiz!

General Stats

  • This quiz has been taken 50 times
  • The average score is 8 of 15

Answer Stats

HintAnswer% Correct
Restaurant chain owned by Gustavo FringLos Pollos Hermanos
95%
Walt has this diagnosisLung Cancer
92%
Underneath that place is a _Lab
82%
Lavandería Brillante is a __ owned by GusLaundry
74%
Used by Walt to poison BrockLily of the Valley
74%
Saul suggests Walt buys this to launder moneyLaser Tag
63%
Business executive of Madrigal Electromotive based in Houston, TexasLydia
55%
To remember the coordinates of his buried money, Walt buys a __ __Lottery ticket
53%
One of the twinsLeonel
47%
Flynns best friendLouis
47%
Book read by Hank on the toiletLeaves Of Grass
37%
A made-up aunt of Ted is from this countryLuxembourg
37%
Sauls personalised plate on his cadillac is __LWYRUP
37%
Walts alias surname, when in hidingLambert
29%
Jesses first car is this sort of carLowrider
24%

Score Distribution

Percentile by Number Answered

Percent of People with Each Score

Your Score History

You have not taken this quiz